000 00641nam a2200205 a 4500
999 _c3491
_d3491
005 20190724112838.0
008 140311b2002 ck ||||| |||| 00| 0 spa d
040 _aCO-BoIAVH
_cCO-BoIAVH
041 _aspa
044 _ack
090 _aLB
_b03276
100 _aVargas Avila, Guillermo
245 _aPropiedades fisicomecánicas y de trabajabilidad de la madera de cinco especies cultivadas en el ecosistema guaviarense
260 _aSan José del Guaviare
_bSINCHI
_c2002
300 _a28 p.
650 0 _aEspecies maderables
700 _aGiraldo Benavides, Bernardo
942 _cFolleto
_2z
945 _d2003-11-06